| 000 | 00585nam a2200229Ia 4500 | ||
|---|---|---|---|
| 003 | OSt | ||
| 005 | 20220926002534.0 | ||
| 006 | a|||||r|||| 00| 0 | ||
| 007 | ta | ||
| 008 | 220923b |||||||| |||| 00| 0 eng d | ||
| 037 | _cGeneral Book | ||
| 040 |
_aRTL _cRTL _beng |
||
| 041 |
_2eng _aeng |
||
| 082 | _aY.74.N7, L6 | ||
| 100 |
_aMehrotra L L _9306019 |
||
| 245 | 0 | _aMexico | |
| 260 |
_a New Delhi _bNational Book Trust _c1976 |
||
| 300 |
_a82p _ccm. |
||
| 650 | _aSociology | ||
| 942 |
_hY.74.N7, L6 _cGB _2CC |
||
| 999 |
_c605368 _d605368 |
||